Lizzy McAlpine - Discography - Statistics

General Stats
  • This quiz has been taken 148 times
    56 since last reset
  • The average score is 38 of 70
Answer Stats
Hint Answer % Correct
6. (feat. Ben Kessler) reckless driving
92%
11. Older
88%
1. doomsday
84%
19. Spring Into Summer
84%
6. Staying
84%
16. Pushing It Down and Praying
80%
7. (feat. Laura Elliott) weird
80%
8. ceilings
76%
1. Give Me A Minute
76%
11. (feat. FINNEAS) hate to be lame
76%
1. The Elevator
76%
5. Angelina
72%
3. (feat. Jacob Collier) erase me
72%
15. (Demo) Method Acting
72%
14. orange show speedway
72%
17. Soccer Practice
72%
12. Apple Pie
68%
(Noah Kahan) Call Your Mom
68%
10. Pancakes for Dinner
68%
3. ...What Are We?
68%
6. When The World Stopped Moving
68%
13. chemtrails
64%
8. Drunk, Running
64%
14. Vortex
64%
5. All Falls Down
60%
5. all my ghosts
60%
2. Come Down Soon
60%
10. firearm
60%
13. Headstones and Land Mines
60%
1. In Agreement
60%
13. March
60%
3. Over-the-Ocean Call (Andrew)
60%
6. To The Mountains
60%
12. Better Than This
56%
9. Broken Glass
56%
9. Same Boat
56%
4. called you again
52%
18. Force of Nature
52%
7. I Guess
52%
4. I Knew
52%
4. Movie Star
52%
12. nobody likes a secret
52%
(Tiny Habits) For Sale Sign
48%
2. Let Light Be LIght
48%
2. Nothing / Sad N Stuff
48%
7. Stupid
48%
9. what a shame
48%
10. You Forced Me To
48%
2. an ego thing
44%
4. I Don't Know You At All
44%
7. You, Love (Interlude)
44%
(Ben Kessler) False Art
40%
(2026) House of the Rising Sun
40%
8. In What World
40%
(ROLE MODEL) So Far Gone
40%
(Niall Horan) You Could Start A Cult
40%
11. How Do I Tell You?
36%
3. Like It Tends To Do
36%
8. Means Something
36%
(Jacob Collier & John Mayer) Never Gonna Be Alone
32%
5. Where Do I Go?
32%
(2025) Celebrate Me Home
28%
(Madi Diaz) For Months Now (III)
28%
(Dear Edward) Hold On
28%
(Spotify Singles) A Little Bit of Everything
24%
(Pickup Live Session) Lady In Blue
24%
(Thomas Headon) Bored
20%
(Tom Rosenthal-Acoustic) Hope
20%
(Lilacs.) 7PM
16%
(Ben Kessler) I Think I
16%
No matching quizzes found
Score Distribution
Percent of People with Each Score
Percentile by Number Answered
Your Score History
You have not taken this quiz since the last reset